000 00315nam a2200145Ia 4500
003 OSt
005 20231202043450.0
008 170524s9999 xx 000 0 und d
020 _a1-86205-372-3
040 _ciimt
100 _aCharpentier
245 0 _aLa france gourmande
260 _bPavilion
942 _2ddc
_c02
999 _c7176
_d7176